000 00727nam a2200265Ia 4500
005 20250425162220.0
008 250425s9999 xx 000 0 und d
020 _a9871046413
041 _aeng
043 _aag
082 _a658.404
100 _aGARCIA FRONTI, VERONICA
245 0 _aPROJECT MANAGEMENT CON MICROSOFT VISIO Y MICROSOFT PROJECT: HERRAMIENTAS INFORMATICAS PARA LA EMPRESA
250 _a1 ED.
260 _aArgentina
_bOMICRON SYSTEM S.A
_c2004
260 _aBUENOS AIRES
300 _a341
650 _aADMINISTRACION DE PROYECTOS
650 _aMICROSOFT EXCEL
650 _aMICROSOFT PROJECT
650 _aPLANIFICACION
710 _aOMICRON SYSTEM S.A.
942 _c01
010 _a57272
999 _c224690
_d224690